000 006290000a22001810004500
041 0 _aSPA
082 0 4 _aG 268.321 D514g
100 1 _aVries, Anne de
245 1 0 _aEl gran libro : Narraciones bíblicas / Anne de Vries; Diego Zijlstra, Traductor
260 _aBuenos Aires, Argentina : Junta Bautista
500 _aTítulo original : Groot vertelboek voor de bijbelse geschiedenis
505 0 0 _aTomo I : El Antiguo Testamento, 307 Pag. Tomo II : El Nuevo Testamento, 286 Pag
001 7987
942 _cBK
999 _c38186
_d38186
336 _atexto
_btxt
_2rdacontent
337 _2rdamedia
_asin mediación
_bn
338 _2rdacarrier
_avolumen
_bnc